| 000 | 01615nam a2200253Ia 4500 | ||
|---|---|---|---|
| 003 | Ost | ||
| 005 | 20260507075351.0 | ||
| 008 | 260507s9999||||xx |||||||||||||| ||und|| | ||
| 020 | _a×107603977 | ||
| 040 | _cfsecg | ||
| 041 | _aara | ||
| 082 | _a330 | ||
| 100 |
_aهندي، منير إبراهيم _eمؤلف |
||
| 245 | 0 |
_aالفكر الحديث في إدارة المخاطر : _bالهندسة المالية بإستخدام التوريق والمشتقات / _c منير إبراهيم هندي |
|
| 260 |
_aالإسكندرية: _bالمكتب العربي الحديث, _c2014 |
||
| 300 |
_a588 صفحة؛ _bإيضاحات ؛ _c24 سم |
||
| 490 |
_aالفكر الحديث في الإدارة المالية _v4 |
||
| 520 | _aالتغطية ضد المخاطر- ماهية عقود المشتقات- الإطار الأساسي للتغطية- نظرية التغطية وكيفية استخدامها لإدارة المخاطر- أساسيات العقود الآجلة والمستقبلية- استراتيجيات التعامل في العقود المستقبلية- بناء الإستراتيجيات الفعالة- تنظيم سوق العملات الأجنبية- تسعير العقود على أسعار صرف العملات الأجنبية- العقود المستقبلية على أسعار الفائدة للأصول قصيرة الأجل- العقود المستقبلية على مؤشرات الأسهم | ||
| 653 | _aإدارة- الأزمات | ||
| 653 | _aالإدارة المالية | ||
| 653 | _aالعقود | ||
| 653 | _aالهندسة | ||
| 942 | _cكتاب | ||
| 999 |
_c44141 _d44141 |
||